Children's Use of Board Games in Psychotherapy/ (Record no. 356086)
[ view plain ]
| 000 -LEADER | |
|---|---|
| fixed length control field | 00324nam a2200109Ia 4500 |
| 008 - FIXED-LENGTH DATA ELEMENTS--GENERAL INFORMATION | |
| fixed length control field | 180305s9999 xx 000 0 und d |
| 020 ## - INTERNATIONAL STANDARD BOOK NUMBER | |
| International Standard Book Number | 765703564 |
| 100 ## - MAIN ENTRY--PERSONAL NAME | |
| Personal name | Bellinson, Jill |
| 245 ## - TITLE STATEMENT | |
| Statement of responsibility, etc | Jill Bellinson |
| Title | Children's Use of Board Games in Psychotherapy/ |
| 260 ## - PUBLICATION, DISTRIBUTION, ETC. (IMPRINT) | |
| Place of publication, distribution, etc | USA |
| Name of publisher, distributor, etc | Jason Aronson Inc. |
| Date of publication, distribution, etc | 2002 |
| 300 ## - PHYSICAL DESCRIPTION | |
| Extent | ix, 184 Pages |
| Withdrawn status | Lost status | Damaged status | Home library | Current library | Shelving location | Date acquired | Source of acquisition | Total Checkouts | Full call number | Barcode | Date last seen | Price effective from | Koha item type |
|---|---|---|---|---|---|---|---|---|---|---|---|---|---|
| College Library | College Library | General Circulation Section | 03/05/2018 | RJ 505.P6 .B444 2002 | c21319 | 05/15/2018 | 03/05/2018 | Books |